Представление документа в формате MARC21

Поле Инд. ПП Название Значение
Тип записи a
Библиографический уровень m
001 Контрольный номер RU/IS/BASE/128448582
005 Дата корректировки 20220609123219.8
040 b Код языка каталог. rus
041 0_ a Код языка текста rus
080 00 a Индекс УДК 004.42
084 a Индекс другой классификации/Индекс ББК 32.973
090 00 a Полочн. индекс 681.3
x Авторский знак Т45
097 b Оператор 11
100 10 a Автор Титтел Э.
245 00 a Заглавие Networking Essentials. Сертификационный экзамен-экстерном (экзамен 70-058)
260 00 a Место издания Санкт-Петербург
b Издательство Питер
c Дата издания 1999
300 00 a Объем 384с.
510 0_ a Примечание о ссылках Книги и методические пособия
650 04 a Основная рубрика 50.41 Программное обеспечение вычислительных машин, комплексов и сетей
x Основная подрубрика 50.41.25 Прикладное программное обеспечение
653 00 a Ключевые слова компьютерные сети; networking essentials; прикладные программы
700 12 a Другие авторы Хадсон К.
700 12 a Другие авторы Стюарт Д.
901 t Тип документа m